Důsledky neoliberalizace pro sociální práci
Aké sú dôsledky neoliberalizácie pre sociálnu prácu? Diskusia o tom, akými prostriedkami by sa mohla sociálna práca voči týmto tendenciám brániť a možnosti obrany sociálnej práce pred postupnou neoliberalizáciou. Každá z možností má svoje nedostatky.
Salvato in:
| Autore principale: | |
|---|---|
| Natura: | Capitolo di libro |
| Lingua: | ceco |
| Soggetti: | |
| Tags: |
Nessun Tag, puoi essere il primo ad aggiungerne!!
|
MARC
| LEADER | 00000naa a2200000 4500 | ||
|---|---|---|---|
| 001 | 0279015 | ||
| 005 | 20211012112058.4 | ||
| 041 | 0 | |a cze | |
| 044 | |a CZ | ||
| 245 | 1 | 0 | |a Důsledky neoliberalizace pro sociální práci |c Tobiáš Lazar |
| 520 | |a Aké sú dôsledky neoliberalizácie pre sociálnu prácu? Diskusia o tom, akými prostriedkami by sa mohla sociálna práca voči týmto tendenciám brániť a možnosti obrany sociálnej práce pred postupnou neoliberalizáciou. Každá z možností má svoje nedostatky. | ||
| 610 | 2 | 0 | |a práca sociálna |
| 610 | 2 | 0 | |a pracovníci sociálni |
| 610 | 2 | 0 | |a vzdelanie odborné |
| 610 | 2 | 0 | |a právo pracovné |
| 610 | 2 | 0 | |a neoliberalizmus |
| 100 | 1 | |a Lazar, Petr | |